000 01138cam a2200241 4500
001 ABS64943
008 011220n2001 000 0 eng u
035 _a(Sirsi) u116087
100 _aManns, S
245 _aThree minutes to air your grievances
260 _c2001
490 _aEstates Gazette
_v(0147) 24 November 2001, 138-139(2)
520 _aAnalysis of planning applications and the increasing trend amongst planning authorities to allow objectors and supporters to have a say at the planning committee stage. Considers how procedures vary considerably between authorities and the right to speak at a committee could be lost if a particular requirement is not met. With details of a survey completed in September 2001 which examined local authorities and where relevant objections can be made to the planning committee.
590 _aABS
650 _aPLANNING APPLICATIONS
650 _aNOLAN COMMITTEE
650 _aPLANNING COMMITTEES
650 _aPUBLIC CONSULTATIONS
650 _aPUBLIC SPEAKING
690 _aENVIRONMENTAL AND LAND CONSULTANCY-PLANNING AND DEVELOPMENT
700 _aWood, C.
942 _n0
999 _c69152
_d69152